000 00428nam a2200157 i 4500
001 61177
003 ES-MaACL
005 20230906164406.0
007 t|
008 031110s1915 gw ||||1| ger d
100 1 _aEulenburg, Franz.
_948326
245 1 0 _aDas geld im Kriege und Deutschlands finanzielle RĂ¼stung /
_cFranz Eulenburg.
260 _aLeipzig :
_bKoehler,
_c1915.
300 _a55 p.
852 _aES-MaACL
_j1653-F-8
999 _c61177
_d61177